[Event "FRA-ch 96th"]
[Site "L'Alpe d'Huez"]
[Date "2023.08.25"]
[Round "4.1"]
[White "Gharamian, Tigran"]
[Black "Lagarde, Maxime"]
[Result "1/2-1/2"]
[WhiteElo "2603"]
[BlackElo "2600"]
[PlyCount "38"]
[EventDate "2023.08.18"]
[EventType "k.o."]
[EventRounds "4"]
[EventCountry "FRA"]
[SourceTitle "EXT 2024"]
[Source "ChessBase"]
[SourceDate "2023.10.10"]
[SourceVersion "1"]
[SourceVersionDate "2023.10.10"]
[SourceQuality "1"]

1. e4 e5 2. Nf3 Nc6 3. Bb5 Nf6 4. 0-0 Nxe4 5. Re1 Nd6 6. Nxe5 Be7 7. Bf1 Nxe5 8. Rxe5 0-0 9. d4 Bf6 10. Re1 Re8 11. Bf4 Rxe1 12. Qxe1 Ne8 13. c3 d5 14. Bd3 c6 15. Nd2 g6 16. Qe2 Ng7 17. Re1 Bf5 18. Bxf5 Nxf5 19. Nf3 Ng7 1/2-1/2

[Event "FRA-ch 96th"]
[Site "L'Alpe d'Huez"]
[Date "2023.08.19"]
[Round "1.2"]
[White "Gharamian, Tigran"]
[Black "Boyer, Mahel"]
[Result "1/2-1/2"]
[WhiteElo "2603"]
[BlackElo "2476"]
[PlyCount "120"]
[EventDate "2023.08.18"]
[EventType "k.o."]
[EventRounds "4"]
[EventCountry "FRA"]
[SourceTitle "EXT 2024"]
[Source "ChessBase"]
[SourceDate "2023.10.10"]
[SourceVersion "1"]
[SourceVersionDate "2023.10.10"]
[SourceQuality "1"]

1. e4 e6 2. d4 d5 3. Nc3 Nf6 4. e5 Nfd7 5. f4 c5 6. Nf3 Nc6 7. Be3 Be7 8. a3 Qb6 9. Be2 0-0 10. 0-0 cxd4 11. Nxd4 Nxd4 12. Bxd4 Bc5 13. Na4 Bxd4+ 14. Kh1 Qc7 15. Qxd4 Qxc2 16. Nc3 Qb3 17. Nb5 Qc2 18. Nc3 Qb3 19. Nb5 Qc2 20. Rfe1 Qc5 21. Rac1 Qxd4 22. Nxd4 Nb6 23. Rc7 a6 24. b4 Rb8 25. b5 Bd7 26. bxa6 bxa6 27. Bxa6 Ra8 28. Bf1 Ra4 29. Nb3 Rxa3 30. Nc5 Rc8 31. Rxc8+ Bxc8 32. Rb1 Rc3 33. Nxe6 Bxe6 34. Rxb6 h6 35. Kg1 g5 36. g3 Kg7 37. Rb4 Bf5 38. Bg2 Rc1+ 39. Kf2 Rc2+ 40. Kg1 Rd2 41. fxg5 hxg5 42. h4 Be6 43. Bf3 Kg6 44. hxg5 Kxg5 45. Rf4 Rc2 46. Kf1 Rc4 47. Rf6 Rc3 48. Kf2 d4 49. Rf4 Rc2+ 50. Ke1 d3 51. Rd4 Bf5 52. Kd1 Rf2 53. Be4 Bg4+ 54. Kc1 Rc2+ 55. Kb1 Re2 56. Bxd3 Rxe5 57. Bc4 f5 58. Kc2 Bf3 59. Kd2 Be4 60. Be2 Rd5 1/2-1/2

[Event "FRA-ch 96th"]
[Site "L'Alpe d'Huez"]
[Date "2023.08.19"]
[Round "1.4"]
[White "Gharamian, Tigran"]
[Black "Boyer, Mahel"]
[Result "1-0"]
[WhiteElo "2603"]
[BlackElo "2476"]
[PlyCount "127"]
[EventDate "2023.08.18"]
[EventType "k.o."]
[EventRounds "4"]
[EventCountry "FRA"]
[SourceTitle "EXT 2024"]
[Source "ChessBase"]
[SourceDate "2023.10.10"]
[SourceVersion "1"]
[SourceVersionDate "2023.10.10"]
[SourceQuality "1"]

1. e4 e6 2. d4 d5 3. Nc3 Nf6 4. e5 Nfd7 5. f4 c5 6. Nf3 Nc6 7. Be3 h6 8. Ne2 g5 9. c3 g4 10. Nfg1 Ne7 11. Bf2 h5 12. h3 Rg8 13. hxg4 hxg4 14. Ng3 Qb6 15. Qd2 Nc6 16. N1e2 Be7 17. dxc5 Bxc5 18. Nd4 a5 19. Be2 a4 20. a3 Nf8 21. Nh5 Nd7 22. Rh4 g3 23. Nxg3 Nf8 24. Rh2 Rxg3 25. Bxg3 Nxd4 26. cxd4 Bxd4 27. Bb5+ Bd7 28. Bxd7+ Kxd7 29. Bf2 Bxf2+ 30. Qxf2 Qa5+ 31. Qd2 Qc5 32. Kf1 Rc8 33. Rh3 Ng6 34. Rc3 Qb5+ 35. Qe2 Qxe2+ 36. Kxe2 Nxf4+ 37. Kf3 Rxc3+ 38. bxc3 Nd3 39. Kg4 Nxe5+ 40. Kg5 Nc4 41. Kf6 e5 42. Kxf7 e4 43. Kf6 Ne3 44. Ke5 Kc6 45. g3 b5 46. Ra2 Kc5 47. Kf4 Nd1 48. g4 Nxc3 49. Ra1 d4 50. g5 e3 51. g6 Nd5+ 52. Ke4 Kc4 53. Rc1+ Nc3+ 54. Kf3 Kd3 55. g7 Kd2 56. Rh1 d3 57. g8Q e2 58. Qg5+ Kc2 59. Rc1+ Kb3 60. Qd2 b4 61. axb4 Nd1 62. Qxd3+ Kb2 63. Qc2+ Ka3 64. Ra1+ 1-0

[Event "FRA-ch 96th"]
[Site "L'Alpe d'Huez"]
[Date "2023.08.18"]
[Round "1.1"]
[White "Boyer, Mahel"]
[Black "Gharamian, Tigran"]
[Result "1/2-1/2"]
[WhiteElo "2476"]
[BlackElo "2603"]
[PlyCount "81"]
[EventDate "2023.08.18"]
[EventType "k.o."]
[EventRounds "4"]
[EventCountry "FRA"]
[SourceTitle "EXT 2024"]
[Source "ChessBase"]
[SourceDate "2023.10.10"]
[SourceVersion "1"]
[SourceVersionDate "2023.10.10"]
[SourceQuality "1"]

1. e4 c5 2. Nf3 d6 3. d4 cxd4 4. Nxd4 Nf6 5. Nc3 a6 6. Rg1 h5 7. h3 g6 8. g4 hxg4 9. hxg4 Bg7 10. g5 Ng4 11. Nb3 Rh4 12. f3 Qb6 13. Rxg4 Bxc3+ 14. bxc3 Bxg4 15. fxg4 Qg1 16. Qe2 Rxg4 17. Be3 Qg3+ 18. Qf2 Qe5 19. Bd3 Qxc3+ 20. Bd2 Qe5 21. 0-0-0 Nc6 22. Qb6 Nd8 23. Qc7 Rxg5 24. Bxg5 Qxg5+ 25. Kb1 Kf8 26. Rh1 Kg7 27. Qc3+ Qe5 28. Qc7 b5 29. Qd7 Kf8 30. a3 Qc3 31. Rh3 Rb8 32. Qa7 Nc6 33. Qxa6 Kg7 34. Rh1 Ne5 35. Bxb5 Qe3 36. a4 Qxe4 37. Rc1 Qe3 38. Qa5 Rc8 39. Qd2 Qxd2 40. Nxd2 f5 41. Rf1 1/2-1/2

[Event "FRA-chT Top 16 Gp Haute"]
[Site "Chartres"]
[Date "2023.06.08"]
[Round "1.1"]
[White "Bacrot, Etienne"]
[Black "Gharamian, Tigran"]
[Result "1/2-1/2"]
[WhiteElo "2672"]
[BlackElo "2601"]
[PlyCount "49"]
[EventDate "2023.06.08"]
[EventType "team-tourn"]
[EventRounds "4"]
[EventCountry "FRA"]
[SourceTitle "CBM 214 Extra"]
[Source "ChessBase"]
[SourceDate "2023.07.31"]
[SourceVersion "1"]
[SourceVersionDate "2023.07.31"]
[SourceQuality "1"]
[WhiteTeam "Bischwiller"]
[BlackTeam "Clichy Echecs 92"]
[WhiteTeamCountry "FRA"]
[BlackTeamCountry "FRA"]

1. e4 c6 2. d4 d5 3. e5 Bf5 4. Nf3 e6 5. Be2 Ne7 6. 0-0 h6 7. Nbd2 a5 8. a4 Nd7 9. Nb3 Bh7 10. Bd2 Ng6 11. Qe1 b6 12. Rc1 Be7 13. c4 0-0 14. Bd3 Re8 15. cxd5 cxd5 16. Bb5 Ngf8 17. Qe2 Qb8 18. Rc3 Rc8 19. Ne1 Rxc3 20. Bxc3 Qd8 21. Nd3 Rc8 22. Nf4 Nb8 23. Nh5 Nc6 24. f4 Bb4 25. Rf3 1/2-1/2

[Event "FRA-chT Top 16 GpB"]
[Site "Chartres"]
[Date "2023.06.03"]
[Round "3.1"]
[White "Moussard, Jules"]
[Black "Gharamian, Tigran"]
[Result "1/2-1/2"]
[WhiteElo "2644"]
[BlackElo "2601"]
[PlyCount "200"]
[EventDate "2023.06.01"]
[EventType "team-tourn"]
[EventRounds "7"]
[EventCountry "FRA"]
[SourceTitle "CBM 214 Extra"]
[Source "ChessBase"]
[SourceDate "2023.07.31"]
[SourceVersion "1"]
[SourceVersionDate "2023.07.31"]
[SourceQuality "1"]
[WhiteTeam "Asnieres"]
[BlackTeam "Clichy Echecs 92"]
[WhiteTeamCountry "FRA"]
[BlackTeamCountry "FRA"]

1. e4 e5 2. Nf3 Nc6 3. Bb5 a6 4. Ba4 Bc5 5. 0-0 Nge7 6. c3 Ng6 7. d4 Ba7 8. Bg5 f6 9. Be3 0-0 10. Nbd2 Kh8 11. Re1 d6 12. h3 exd4 13. cxd4 d5 14. Bxc6 bxc6 15. Qc2 dxe4 16. Nxe4 Qd5 17. Nc3 Qh5 18. Qd1 Be6 19. Ne5 Qxd1 20. Nxg6+ hxg6 21. Rexd1 Rfd8 22. Rac1 g5 23. b3 Bb6 24. f3 Kg8 25. Bf2 a5 26. Na4 Bd5 27. Re1 Kf8 28. Re2 Re8 29. Kf1 Rxe2 30. Kxe2 Ke7 31. Kd3 Kd7 32. Be3 Rh8 33. Bd2 Rh4 34. Nc5+ Kc8 35. Be1 Rh8 36. Na4 f5 37. Nc3 Be6 38. Ne2 Kd7 39. Bg3 a4 40. bxa4 Ra8 41. Nc3 Ba5 42. Be5 Bxc3 43. Rxc3 Rxa4 44. a3 g6 45. g4 Bd5 46. Ke2 Ke6 47. Re3 Kf7 48. Kd2 Ra7 49. Kc1 Ra4 50. Kd2 Ra7 51. f4 gxf4 52. Bxf4 fxg4 53. hxg4 Kf6 54. Ke2 g5 55. Bg3 Be6 56. Be5+ Kg6 57. Kf3 Bd5+ 58. Kg3 Ra4 59. Rc3 Ra7 60. Kh3 Ra4 61. Kg3 Ra7 62. Kf2 Kf7 63. Ke2 Be6 64. Kf3 Bd5+ 65. Ke3 Be6 66. Rxc6 Rxa3+ 67. Ke4 Bxg4 68. Rxc7+ Kg6 69. Rg7+ Kh6 70. Rg8 Be6 71. Rf8 Bh3 72. Rg8 Ra8 73. Bb8 Bg2+ 74. Kf5 Bh3+ 75. Ke5 Ra5+ 76. d5 Bg2 77. Kf6 Kh7 78. Rg7+ Kh6 79. Rg6+ Kh7 80. d6 Bh3 81. Rg7+ Kh6 82. Rg8 Rf5+ 83. Ke7 Re5+ 84. Kf7 Rf5+ 85. Ke7 Re5+ 86. Kd8 Kh7 87. Rf8 Kg6 88. Rf3 Bf5 89. Kc7 Rd5 90. Ba7 Rd1 91. Rc3 Kh5 92. Be3 Kg6 93. Rc6 Kh5 94. Rc5 Kg6 95. Rc4 g4 96. Bf4 Rd3 97. Rc1 Rd4 98. Bg3 Rd3 99. Bf4 Rd4 100. Bg3 Rd3 1/2-1/2

[Event "FRA-chT Top 16 GpB"]
[Site "Chartres"]
[Date "2023.06.01"]
[Round "1.1"]
[White "Bacrot, Alexandre"]
[Black "Gharamian, Tigran"]
[Result "1/2-1/2"]
[WhiteElo "2390"]
[BlackElo "2601"]
[PlyCount "45"]
[EventDate "2023.06.01"]
[EventType "team-tourn"]
[EventRounds "7"]
[EventCountry "FRA"]
[SourceTitle "CBM 214 Extra"]
[Source "ChessBase"]
[SourceDate "2023.07.31"]
[SourceVersion "1"]
[SourceVersionDate "2023.07.31"]
[SourceQuality "1"]
[WhiteTeam "Marseille"]
[BlackTeam "Clichy Echecs 92"]
[WhiteTeamCountry "FRA"]
[BlackTeamCountry "FRA"]

1. Nf3 Nf6 2. g3 b6 3. Bg2 Bb7 4. 0-0 c5 5. c4 g6 6. b3 Bg7 7. Bb2 0-0 8. Nc3 d6 9. e3 Nbd7 10. d4 Ne4 11. Qc2 Nxc3 12. Bxc3 cxd4 13. Bxd4 Nf6 14. Rfd1 Rc8 15. Qe2 Qc7 16. Rac1 Qb8 17. Ne1 a6 18. Bxb7 Qxb7 19. Qf3 Qxf3 20. Nxf3 Nd7 21. Kf1 Rc7 22. Bxg7 Kxg7 23. Ne1 1/2-1/2

[Event "WchT Final 13th"]
[Site "Jerusalem"]
[Date "2022.11.23"]
[Round "1.4"]
[White "Sasikiran, Krishnan"]
[Black "Gharamian, Tigran"]
[Result "1/2-1/2"]
[WhiteElo "2636"]
[BlackElo "2601"]
[PlyCount "129"]
[EventDate "2022.11.23"]
[EventType "team-k.o. (rapid)"]
[EventRounds "3"]
[EventCountry "ISR"]
[SourceTitle "CBM 211 Extra"]
[Source "ChessBase"]
[SourceDate "2023.01.31"]
[SourceVersion "1"]
[SourceVersionDate "2023.01.31"]
[SourceQuality "1"]
[WhiteTeam "India"]
[BlackTeam "France"]
[WhiteTeamCountry "IND"]
[BlackTeamCountry "FRA"]

1. c4 e6 2. Nc3 d5 3. d4 a6 4. cxd5 exd5 5. Bf4 Nf6 6. e3 Bd6 7. Bg5 c6 8. Bd3 Nbd7 9. Nge2 0-0 10. Qc2 h6 11. Bh4 Re8 12. h3 Nf8 13. 0-0 Bd7 14. Rad1 b5 15. Kh1 Ra7 16. Nb1 Ne6 17. Nd2 Rc7 18. Qb1 Ng5 19. f4 Ne6 20. Nf3 Be7 21. Ne5 Nf8 22. Rc1 c5 23. dxc5 Bxc5 24. Nd4 Bd6 25. Rxc7 Bxc7 26. Ndf3 Bb6 27. Re1 Bc8 28. Qc2 Qd6 29. a4 b4 30. a5 Ba7 31. Qa4 Bd7 32. Nxd7 N8xd7 33. Bxf6 Nxf6 34. Ne5 Rxe5 35. fxe5 Qxe5 36. Qxb4 Nh5 37. Qc3 Ng3+ 38. Kg1 Bxe3+ 39. Rxe3 Qxe3+ 40. Kh2 g6 41. Bxa6 Qxc3 42. bxc3 Ne4 43. Bd3 Nd6 44. a6 Nc8 45. Kg3 Kg7 46. Kf4 Kf6 47. c4 Ke6 48. h4 Na7 49. cxd5+ Kxd5 50. Bb1 Kc5 51. Ke5 Kb6 52. Bd3 Nc6+ 53. Kf6 Nb4 54. Be4 g5 55. h5 Nxa6 56. Kxf7 Kc5 57. Kg6 Kd4 58. Kxh6 Kxe4 59. Kxg5 Nc7 60. h6 Ne6+ 61. Kf6 Nf8 62. Kg7 Ne6+ 63. Kf6 Nf8 64. Kg7 Ne6+ 65. Kf6 1/2-1/2

[Event "WchT Pool-A 13th"]
[Site "Jerusalem"]
[Date "2022.11.21"]
[Round "3.1"]
[White "Yuffa, Daniil"]
[Black "Gharamian, Tigran"]
[Result "1/2-1/2"]
[WhiteElo "2587"]
[BlackElo "2601"]
[PlyCount "154"]
[EventDate "2022.11.20"]
[EventType "team-tourn (rapid)"]
[EventRounds "5"]
[EventCountry "ISR"]
[SourceTitle "CBM 211 Extra"]
[Source "ChessBase"]
[SourceDate "2023.01.31"]
[SourceVersion "1"]
[SourceVersionDate "2023.01.31"]
[SourceQuality "1"]
[WhiteTeam "Spain"]
[BlackTeam "France"]
[WhiteTeamCountry "ESP"]
[BlackTeamCountry "FRA"]

1. Nf3 d5 2. g3 Nf6 3. Bg2 e6 4. c4 Be7 5. 0-0 0-0 6. d4 dxc4 7. Qc2 a6 8. a4 Bd7 9. Rd1 Bc6 10. Bg5 Nbd7 11. Nbd2 b5 12. b3 Bxf3 13. Bxf3 cxb3 14. Nxb3 Nd5 15. Bxe7 Qxe7 16. Bxd5 exd5 17. axb5 axb5 18. Qxc7 Rxa1 19. Rxa1 Qb4 20. Qxd7 Qxb3 21. Qe7 Qb2 22. Ra5 Qxd4 23. Rxb5 g6 24. Kg2 Qe4+ 25. Qxe4 dxe4 26. g4 f5 27. gxf5 Rxf5 28. Rb8+ Kg7 29. h4 h5 30. e3 Re5 31. Kg3 Kf7 32. Rb6 Rf5 33. Rb4 Re5 34. Rb2 Rf5 35. Rb7+ Kf6 36. Rc7 Rf3+ 37. Kg2 Rf5 38. Rc4 Re5 39. Kg3 Kf7 40. Ra4 Kf6 41. Ra8 Kf7 42. Ra6 Rf5 43. Ra4 Re5 44. Ra2 Rf5 45. Rb2 Kf6 46. Rb4 Re5 47. Rc4 Kf7 48. Rd4 Kf6 49. Rd1 Rf5 50. Rd6+ Kf7 51. Rb6 Rf3+ 52. Kg2 Rf5 53. Kf1 Ra5 54. Kg1 Rf5 55. Kg2 Re5 56. Kg3 Rf5 57. Rb4 Re5 58. Ra4 Kf6 59. Ra6+ Kf7 60. Rb6 Rf5 61. Rb7+ Kf6 62. Ra7 Rf3+ 63. Kg2 Rf5 64. Rb7 Re5 65. Rc7 Rf5 66. Rc4 Re5 67. Kg3 Kf7 68. Ra4 Kf6 69. Rb4 Kf7 70. f4 exf3 71. Kxf3 g5 72. hxg5 Rxg5 73. Rb6 Rf5+ 74. Kg3 Rf6 75. Rxf6+ Kxf6 76. Kh4 Ke5 77. Kxh5 Ke4 1/2-1/2

[Event "FRA-ch 95th"]
[Site "Albi"]
[Date "2022.08.15"]
[Round "2.3"]
[White "Gharamian, Tigran"]
[Black "Bacrot, Etienne"]
[Result "0-1"]
[WhiteElo "2602"]
[BlackElo "2648"]
[PlyCount "54"]
[EventDate "2022.08.12"]
[EventType "k.o."]
[EventRounds "4"]
[EventCountry "FRA"]
[SourceTitle "CBM 209 Extra"]
[Source "ChessBase"]
[SourceDate "2022.09.30"]
[SourceVersion "1"]
[SourceVersionDate "2022.09.30"]
[SourceQuality "1"]

1. e4 c5 2. Nf3 d6 3. d4 cxd4 4. Nxd4 Nf6 5. Nc3 Nc6 6. Bg5 e6 7. Qd3 Bd7 8. Ndb5 Nb4 9. Qd1 Qb8 10. Bf4 e5 11. Bg5 a6 12. Bxf6 gxf6 13. Na3 b5 14. Nab1 Bg7 15. a3 Nc6 16. Nd5 f5 17. Nbc3 0-0 18. exf5 Bxf5 19. g4 Bg6 20. h4 Nd4 21. Ne7+ Kh8 22. Nxg6+ fxg6 23. Bg2 e4 24. Rh3 d5 25. Nxd5 Qe5 26. Ne3 Rad8 27. c3 Qf4 0-1

[Event "FRA-ch 95th"]
[Site "Albi"]
[Date "2022.08.14"]
[Round "2.1"]
[White "Gharamian, Tigran"]
[Black "Bacrot, Etienne"]
[Result "1/2-1/2"]
[WhiteElo "2602"]
[BlackElo "2648"]
[PlyCount "73"]
[EventDate "2022.08.12"]
[EventType "k.o."]
[EventRounds "4"]
[EventCountry "FRA"]
[SourceTitle "CBM 209 Extra"]
[Source "ChessBase"]
[SourceDate "2022.09.30"]
[SourceVersion "1"]
[SourceVersionDate "2022.09.30"]
[SourceQuality "1"]

1. e4 e6 2. d4 d5 3. Nc3 Nf6 4. Bg5 dxe4 5. Nxe4 Be7 6. Nxf6+ Bxf6 7. Bxf6 Qxf6 8. Nf3 b6 9. Qd2 Bb7 10. Bb5+ c6 11. Bd3 Nd7 12. 0-0-0 h6 13. Qe3 Qe7 14. Rd2 0-0 15. Ne5 Rfd8 16. Rhd1 Nxe5 17. dxe5 c5 18. f4 Bc6 19. g3 Rab8 20. h4 b5 21. c3 h5 22. Be2 Rxd2 23. Rxd2 Bd5 24. Bxh5 Bxa2 25. Rd6 Qc7 26. Bf3 Bb3 27. Kd2 b4 28. Be4 Qa5 29. Qd3 c4 30. Qd4 g6 31. cxb4 Qxb4+ 32. Ke2 Ba4 33. Rd8+ Rxd8 34. Qxd8+ Kg7 35. Qf6+ Kg8 36. Qd8+ Kg7 37. Qf6+ 1/2-1/2

[Event "FRA-ch 95th"]
[Site "Albi"]
[Date "2022.08.13"]
[Round "1.4"]
[White "Gharamian, Tigran"]
[Black "Dorfman, Josif D"]
[Result "0-1"]
[WhiteElo "2602"]
[BlackElo "2539"]
[PlyCount "98"]
[EventDate "2022.08.12"]
[EventType "k.o."]
[EventRounds "4"]
[EventCountry "FRA"]
[SourceTitle "CBM 209 Extra"]
[Source "ChessBase"]
[SourceDate "2022.09.30"]
[SourceVersion "1"]
[SourceVersionDate "2022.09.30"]
[SourceQuality "1"]

1. e4 c5 2. Nf3 e6 3. Nc3 a6 4. d4 cxd4 5. Nxd4 Qc7 6. a3 Nf6 7. Qe2 d6 8. g4 Nc6 9. Nxc6 bxc6 10. g5 Nd7 11. h4 Be7 12. f4 a5 13. Qg2 d5 14. h5 Nc5 15. g6 fxg6 16. hxg6 h6 17. e5 Rb8 18. Ne2 Ne4 19. Ng3 Nxg3 20. Qxg3 Qb6 21. Bd3 Ba6 22. Bxa6 Qxa6 23. Qd3 Qxd3 24. cxd3 Rb3 25. Kd2 Kd7 26. a4 Rhb8 27. Kc2 c5 28. Rb1 R3b4 29. b3 c4 30. dxc4 dxc4 31. Bd2 cxb3+ 32. Kb2 Rxa4 33. Ra1 Ra2+ 34. Rxa2 bxa2+ 35. Kxa2 Bb4 36. Be3 Rc8 37. Rd1+ Ke7 38. Kb2 Rc4 39. Rd3 h5 40. Rd1 Re4 41. Bb6 Rxf4 42. Bd8+ Ke8 43. Bb6 Rg4 44. Rd8+ Ke7 45. Rh8 Rxg6 46. Rxh5 Kd7 47. Kb3 Kc6 48. Bf2 Kb5 49. Rh2 Rg5 0-1

[Event "FRA-ch 95th"]
[Site "Albi"]
[Date "2022.08.12"]
[Round "1.1"]
[White "Dorfman, Josif D"]
[Black "Gharamian, Tigran"]
[Result "1/2-1/2"]
[WhiteElo "2539"]
[BlackElo "2602"]
[PlyCount "40"]
[EventDate "2022.08.12"]
[EventType "k.o."]
[EventRounds "4"]
[EventCountry "FRA"]
[SourceTitle "CBM 209 Extra"]
[Source "ChessBase"]
[SourceDate "2022.09.30"]
[SourceVersion "1"]
[SourceVersionDate "2022.09.30"]
[SourceQuality "1"]

1. c4 e6 2. g3 d5 3. Bg2 Nf6 4. Nf3 dxc4 5. Qa4+ Bd7 6. Qxc4 c5 7. Ne5 Qc8 8. Qd3 Bc6 9. Nxc6 Nxc6 10. Nc3 Be7 11. 0-0 0-0 12. Qb1 Qd7 13. d3 Rac8 14. Rd1 Rfd8 15. Bd2 Nd5 16. Be1 b6 17. a3 Nd4 18. Qa2 Nc2 19. Rac1 Nxe1 20. Rxe1 Nxc3 1/2-1/2

[Event "FRA-chT Top 16 GpB"]
[Site "Chartres"]
[Date "2022.06.14"]
[Round "6.1"]
[White "Vachier Lagrave, Maxime"]
[Black "Gharamian, Tigran"]
[Result "1/2-1/2"]
[WhiteElo "2760"]
[BlackElo "2602"]
[PlyCount "65"]
[EventDate "2022.06.09"]
[EventType "team-tourn"]
[EventRounds "7"]
[EventCountry "FRA"]
[SourceTitle "CBM 208 Extra"]
[Source "ChessBase"]
[SourceDate "2022.07.31"]
[SourceVersion "1"]
[SourceVersionDate "2022.07.31"]
[SourceQuality "1"]
[WhiteTeam "Asnieres"]
[BlackTeam "Clichy Echecs 92"]
[WhiteTeamCountry "FRA"]
[BlackTeamCountry "FRA"]

1. e4 c6 2. d4 d5 3. e5 Bf5 4. Nf3 e6 5. Be2 Ne7 6. 0-0 c5 7. c4 Nbc6 8. dxc5 dxc4 9. Bxc4 Ng6 10. Be3 Be7 11. Nc3 0-0 12. Be2 Qa5 13. a3 Rad8 14. Qe1 a6 15. h3 Qc7 16. g4 Bd3 17. Bxd3 Rxd3 18. Qe2 Rdd8 19. Rad1 Ncxe5 20. Nxe5 Qxe5 21. Qc4 Rc8 22. Qe4 Bxc5 23. Bxc5 Qxc5 24. Qxb7 Rb8 25. Qf3 Rb3 26. Rfe1 Qb6 27. Re3 Qb8 28. Na4 Rxe3 29. Qxe3 Qb5 30. b3 Ne7 31. Nb6 h6 32. b4 a5 33. bxa5 1/2-1/2

[Event "FRA-chT Top 16 GpB"]
[Site "Chartres"]
[Date "2022.06.13"]
[Round "5.4"]
[White "Duboue, Peio"]
[Black "Gharamian, Tigran"]
[Result "1/2-1/2"]
[WhiteElo "2426"]
[BlackElo "2602"]
[PlyCount "30"]
[EventDate "2022.06.09"]
[EventType "team-tourn"]
[EventRounds "7"]
[EventCountry "FRA"]
[SourceTitle "CBM 208 Extra"]
[Source "ChessBase"]
[SourceDate "2022.07.31"]
[SourceVersion "1"]
[SourceVersionDate "2022.07.31"]
[SourceQuality "1"]
[WhiteTeam "Echiquier de l'Erdre"]
[BlackTeam "Clichy Echecs 92"]
[WhiteTeamCountry "FRA"]
[BlackTeamCountry "FRA"]

1. e4 e6 2. d4 d5 3. Nc3 Nf6 4. Bd3 c5 5. exd5 cxd4 6. Bb5+ Bd7 7. Bxd7+ Qxd7 8. dxe6 fxe6 9. Nce2 Nc6 10. Nf3 e5 11. 0-0 0-0-0 12. Ng3 e4 13. Ng5 e3 14. fxe3 Bc5 15. exd4 Qxd4+ 1/2-1/2

[Event "FRA-chT 16 Final-A"]
[Site "Playchess.com INT"]
[Date "2021.01.17"]
[Round "11"]
[White "Demuth, Adrien"]
[Black "Gharamian, Tigran"]
[Result "1/2-1/2"]
[WhiteElo "2483"]
[BlackElo "2602"]
[PlyCount "165"]
[EventDate "2021.01.16"]
[EventType "team-tourn (blitz)"]
[EventRounds "15"]
[EventCountry "FRA"]
[SourceTitle "CBM 200 Extra"]
[Source "ChessBase"]
[SourceDate "2021.03.31"]
[SourceVersion "1"]
[SourceVersionDate "2021.03.31"]
[SourceQuality "1"]
[WhiteTeam "Nice"]
[BlackTeam "Nice"]
[WhiteTeamCountry "FRA"]
[BlackTeamCountry "FRA"]

1. f4 g6 2. Nf3 Bg7 3. g3 c6 4. Bg2 Qb6 5. Nc3 d5 6. e3 Nh6 7. 0-0 0-0 8. b3 Nd7 9. Bb2 Qc7 10. d3 e5 11. Qd2 d4 12. exd4 exd4 13. Ne4 c5 14. b4 Nf5 15. c3 Ne3 16. Rfc1 Nxg2 17. Kxg2 cxb4 18. cxb4 Qb6 19. a3 Rd8 20. Rc4 Nf8 21. Qf2 Ne6 22. Rac1 Bd7 23. Nc5 Nxc5 24. Rxc5 Bc6 25. Kg1 a5 26. Bxd4 Bxf3 27. Bxg7 Kxg7 28. Qxf3 axb4 29. axb4 Qxb4 30. Rc7 Ra2 31. f5 Qd4+ 32. Kf1 Qxd3+ 33. Qxd3 Rxd3 34. fxg6 hxg6 35. R1c2 Rxc2 36. Rxc2 b5 37. Rc7 Rb3 38. Kg2 g5 39. Kh3 Kg6 40. Rc6+ f6 41. Rb6 Kf5 42. Rc6 Rb2 43. Rc5+ Kg6 44. Rc6 b4 45. Rb6 b3 46. Rb5 Rb1 47. Kg4 b2 48. Rb6 Kg7 49. Kh5 Kf7 50. Rb7+ Ke6 51. Kg6 g4 52. Rb5 f5 53. Kg5 Kd6 54. Rb3 Kc5 55. Rb8 Kd4 56. Rb3 Ke4 57. Rb5 Kd3 58. Rb7 Kd4 59. Rb8 Kc5 60. Rb7 Kc6 61. Rb8 Kc7 62. Rb3 Kd7 63. Rb4 Ke6 64. Rb5 Ke7 65. Rb6 Kd8 66. Rb7 Kc8 67. Rb3 Kc7 68. Rb4 Kc6 69. Rb8 Kc5 70. Rb7 Kd4 71. Rb6 Ke3 72. Rb5 Ke4 73. Rb3 Kd4 74. Rb8 Kc3 75. Rc8+ Kd2 76. Rb8 Ke2 77. Rb5 Ke3 78. Rb8 Kd4 79. Rb7 Kc3 80. Rc7+ Kd3 81. Rb7 Kc3 82. Rc7+ Kd3 83. Rb7 1/2-1/2

[Event "FRA-chT 16 Final-A"]
[Site "Playchess.com INT"]
[Date "2021.01.17"]
[Round "14"]
[White "Riff, Jean Noel"]
[Black "Gharamian, Tigran"]
[Result "0-1"]
[WhiteElo "2499"]
[BlackElo "2602"]
[PlyCount "66"]
[EventDate "2021.01.16"]
[EventType "team-tourn (blitz)"]
[EventRounds "15"]
[EventCountry "FRA"]
[SourceTitle "CBM 200 Extra"]
[Source "ChessBase"]
[SourceDate "2021.03.31"]
[SourceVersion "1"]
[SourceVersionDate "2021.03.31"]
[SourceQuality "1"]
[WhiteTeam "Mulhouse"]
[BlackTeam "Nice"]
[WhiteTeamCountry "FRA"]
[BlackTeamCountry "FRA"]

1. e4 g6 2. d4 Bg7 3. Nc3 c6 4. Be3 d5 5. f3 Qb6 6. Qd2 Qxb2 7. Rb1 Qa3 8. Nge2 Nf6 9. Rb3 Qa5 10. Nf4 dxe4 11. fxe4 e5 12. dxe5 Qxe5 13. Be2 0-0 14. 0-0 Nbd7 15. Nd3 Nxe4 16. Nxe4 Qxe4 17. Bf3 Qc4 18. Bh6 Bxh6 19. Qxh6 Qd4+ 20. Kh1 Qg7 21. Qh4 Re8 22. Rb4 Ne5 23. Nxe5 Rxe5 24. a4 a5 25. Rb3 Re8 26. h3 Rb8 27. Rfb1 Bf5 28. Rxb7 Rxb7 29. Rxb7 Qa1+ 30. Kh2 Qe5+ 31. Qg3 Qxg3+ 32. Kxg3 Bxc2 33. Bxc6 Be4 0-1

[Event "FRA-chT 16 Final-A"]
[Site "Playchess.com INT"]
[Date "2021.01.16"]
[Round "2"]
[White "Gharamian, Tigran"]
[Black "Efimov, Igor"]
[Result "1-0"]
[WhiteElo "2602"]
[BlackElo "2416"]
[PlyCount "63"]
[EventDate "2021.01.16"]
[EventType "team-tourn (blitz)"]
[EventRounds "15"]
[EventCountry "FRA"]
[SourceTitle "CBM 200 Extra"]
[Source "ChessBase"]
[SourceDate "2021.03.31"]
[SourceVersion "1"]
[SourceVersionDate "2021.03.31"]
[SourceQuality "1"]
[WhiteTeam "Nice"]
[BlackTeam "Monaco"]
[WhiteTeamCountry "FRA"]
[BlackTeamCountry "MNC"]

1. e4 c5 2. Nf3 Nc6 3. Bb5 Nf6 4. Bxc6 dxc6 5. d3 g6 6. h3 Bg7 7. Nc3 0-0 8. Be3 b6 9. Qd2 Nd7 10. Bh6 Qc7 11. h4 Ne5 12. Bxg7 Kxg7 13. h5 Ng4 14. 0-0-0 f6 15. hxg6 hxg6 16. d4 Be6 17. d5 Bg8 18. Rh4 Ne5 19. Nxe5 Qxe5 20. Qh6+ Kf7 21. f4 Qc7 22. f5 Ke8 23. fxg6 Kd7 24. d6 Qc8 25. Qg7 Re8 26. Rh8 Be6 27. dxe7+ Kc7 28. Rd8 Qa6 29. Rhxe8 Qf1+ 30. Nd1 Bg4 31. Qh6 Kb7 32. Qd2 1-0